Side-lights on the epistle to the Philippians. (Record no. 2545)

000 -LEADER
fixed length control field 00489nam a2200157 a 4500
001 - CONTROL NUMBER
control field :::00000270$&:&@@
003 - CONTROL NUMBER IDENTIFIER
control field OkBaRHE
005 - DATE AND TIME OF LATEST TRANSACTION
control field 20001025171607.0
008 - FIXED-LENGTH DATA ELEMENTS--GENERAL INFORMATION
fixed length control field s1915 j 000 0 eng u
040 ## - CATALOGING SOURCE
Transcribing agency
100 1# - MAIN ENTRY--PERSONAL NAME
Personal name Baskerville, Charles G.
245 10 - TITLE STATEMENT
Title Side-lights on the epistle to the Philippians.
260 ## - PUBLICATION, DISTRIBUTION, ETC. (IMPRINT)
Place of publication, distribution, etc London
Name of publisher, distributor, etc James Nisbet & Col, Limited
Date of publication, distribution, etc 1915
942 ## - ADDED ENTRY ELEMENTS (KOHA)
Source of classification or shelving scheme
Koha item type Books
Copies
Lost status Withdrawn status Date acquired Shelving location Source of classification or shelving scheme Date last seen Not for loan Permanent Location Price effective from Koha item type Barcode Damaged status Full call number Copy number
  2010-04-14General Stacks 2018-04-03 RHEMA Bible Training College2010-04-14Books270 BS 2705 .B371